000 00561nam a2200229Ia 4500
003 OSt
005 20221005122714.0
006 a|||||r|||| 00| 0
007 ta
008 221004b |||||||| |||| 00| 0 kan d
024 _a61133
037 _cTextual
040 _aCRL
_cCRL
_bkan
041 _2kan
_akan
082 _aO33,4N08,1, K9
100 _aMugali Au.
_9226445
245 0 _aKannadada kave
260 _c1969
650 _aKANNAD LITERATURE
942 _hO33,4N08,1, K9
_cTEXL
_2cc
999 _c1045135
_d1045135